Cesión de tributos a Cataluña : El debate en las Cortes Generales / [publicado por la] Dirección General de Coordinación con las Haciendas Territoriales El debate en las Cortes Generales / [publicado por la] Dirección General de Coordinación con las Haciendas Territoriales
Publicado:
Madrid :
Ministerio de Economia y Hacienda, Secretaría General Técnica, Servicio de Publicaciones ,
1983
Descripción Física:
307 p. ; 24 cm
Materias:
Dret fiscal -- Legislació -- Catalunya
MARC
| LEADER | 00000nam a2200000Ia 4500 | ||
|---|---|---|---|
| 001 | 10562 | ||
| 008 | 160829s1983 xx 000 0 cat d | ||
| 080 | |a M-1-237 | ||
| 110 | 1 | |a Espanya. |b Cortes Generales |9 53851 | |
| 245 | |a Cesión de tributos a Cataluña : |b El debate en las Cortes Generales / [publicado por la] Dirección General de Coordinación con las Haciendas Territoriales | ||
| 260 | |a Madrid : |b Ministerio de Economia y Hacienda, Secretaría General Técnica, Servicio de Publicaciones, |c 1983 | ||
| 300 | |a 307 p. ; |c 24 cm | ||
| 590 | |a Inclou la Llei 41/81 de 28 d'Octubre | ||
| 650 | |a Dret fiscal |x Legislació |x Catalunya |9 23243 | ||
| 700 | |a Espanya. Dirección General de Coordinación con las Haciendas Territoriales |9 23244 | ||
| 901 | |a Arxiu | ||
| 942 | |n 1 | ||
| 952 | |0 0 |1 0 |4 0 |6 M1237 |7 1 |9 42631 |a Arxiu |b Arxiu |d 2016-12-01 |l 0 |o M-1-237 |p 10562 |r 2016-12-01 00:00:00 |w 2016-12-01 |y ARXIU | ||
| 999 | |c 45137 |d 45137 | ||